Type of birds in country flags - Statistics

General Stats
  • This quiz has been taken 22 times
    18 since last reset
  • The average score is 6 of 14
Answer Stats
Bird Country % Correct
Mexican eagle Mexico
93%
Zimbabwe Bird Zimbabwe
80%
Bicephalous eagle Albania, Serbia, Montenegro
60%
Andean condor Ecuador
60%
Eagle of Saladin Egypt
53%
Resplendent quetzal Guatemala
53%
Sisserou parrot Dominica
47%
Raggiana bird of paradise Papua New Guinea
47%
Steppe eagle Kazakhstan
33%
Frigatebird Kiribati
27%
African fish eagle Zambia
27%
Dove of peace Fiji
20%
Grey crowned crane Uganda
20%
Dark golden eagle Moldova
7%
No matching quizzes found
Score Distribution
Percent of People with Each Score
Percentile by Number Answered
Your Score History
You have not taken this quiz since the last reset